[Event "XXVIII Festival A"]
[Site "Arco ITA"]
[Date "2006.10.22"]
[Round "2"]
[White "Murli, Almerico"]
[Black "Bernardi, Ruben"]
[Result "0-1"]
[WhiteElo "1889"]
[BlackElo "2114"]
[PlyCount "70"]
[EventDate "2006.10.21"]

1. e4 c5 2. Nf3 Nc6 3. d4 cxd4 4. Nxd4 e5 5. Nb5 d6 6. N1c3 a6 7. Na3 b5 8. Nd5
Nf6 9. Bg5 Be7 10. Bxf6 Bxf6 11. c3 Bg5 12. Nc2 O-O 13. a4 bxa4 14. Rxa4 a5 15.
Bc4 Rb8 16. b3 Kh8 17. Nce3 g6 18. O-O f5 19. exf5 gxf5 20. Qh5 f4 21. Nc2 Bf5
22. Ne1 Bg6 23. Qd1 Rb7 24. f3 Rg7 25. Bd3 Bh4 26. Bxg6 Rxg6 27. Ra2 Rfg8 28.
Re2 Qd7 29. Qc2 Qg7 30. Kh1 Rg5 31. Qd2 Rh5 32. Nd3 Bg3 33. h3 Qh6 34. Kg1 Rxh3
35. gxh3 Be1+ 0-1

[Event "XXVIII Festival A"]
[Site "Arco ITA"]
[Date "2006.10.22"]
[Round "2"]
[White "Perich, Stefano"]
[Black "La Malfa, Stelio"]
[Result "1-0"]
[WhiteElo "1998"]
[BlackElo "1879"]
[PlyCount "102"]
[EventDate "2006.10.21"]

1. d4 d5 2. Nf3 Bf5 3. e3 Nf6 4. Be2 e6 5. c4 c6 6. Qb3 Qc7 7. Nc3 Nbd7 8. h3
Bd6 9. Bd2 dxc4 10. Qxc4 b5 11. Qb3 a6 12. Nh4 Be4 13. Nxe4 Nxe4 14. Nf3 O-O
15. Rc1 Ndf6 16. O-O g5 17. Bb4 Bxb4 18. Qxb4 Nd7 19. Rc2 Rac8 20. Rfc1 Qb6 21.
Ne5 Nxe5 22. dxe5 f5 23. exf6 Nxf6 24. Qd6 Rfe8 25. Rxc6 Rxc6 26. Rxc6 Qa5 27.
Rxa6 Qe1+ 28. Bf1 Ne4 29. Qd7 Qxf2+ 30. Kh2 Qg3+ 31. Kg1 Qxe3+ 32. Kh2 Qf4+ 33.
Kg1 Nf6 34. Qxb5 Qe3+ 35. Kh1 Qg3 36. Ra3 Qh4 37. Rf3 Rf8 38. Qe5 g4 39. Qxe6+
Kg7 40. Rf4 Rf7 41. Qf5 Rd7 42. Rc4 h5 43. Rf4 Rd5 44. Qe6 Rd7 45. Rxf6 Qxf6
46. Qxd7+ Kh6 47. Qd2+ Kg7 48. Qc3 Qxc3 49. bxc3 Kf6 50. hxg4 hxg4 51. Kh2 Ke5
1-0

[Event "XXVIII Festival A"]
[Site "Arco ITA"]
[Date "2006.10.22"]
[Round "2"]
[White "Pichler, Klaus"]
[Black "Del Nevo, Claudio"]
[Result "0-1"]
[WhiteElo "1596"]
[BlackElo "1917"]
[PlyCount "76"]
[EventDate "2006.10.21"]

1. f4 d6 2. Nf3 Nf6 3. b3 g6 4. Bb2 Bg7 5. d3 O-O 6. e4 c6 7. Nc3 b5 8. Qd2 b4
9. Nd1 a5 10. a4 Nbd7 11. Rb1 Bb7 12. Be2 Qb6 13. Nf2 Rac8 14. O-O Rfe8 15. Kh1
e5 16. fxe5 Nxe5 17. Nxe5 dxe5 18. Ng4 Nxg4 19. Bxg4 Rcd8 20. Qf2 Qc7 21. Bc1
Qe7 22. h4 Rd6 23. Bg5 Qc7 24. g3 c5 25. Kh2 h5 26. Bh3 Bc8 27. Bxc8 Rxc8 28.
Be3 Rf6 29. Qg1 Rxf1 30. Rxf1 Qd7 31. Qf2 f6 32. Kg2 Qe6 33. Kh2 Qc6 34. Kh3 c4
35. Rc1 cxd3 36. cxd3 Qd7+ 37. Kh2 Rxc1 38. Bxc1 Qxd3 0-1

[Event "XXVIII Festival A"]
[Site "Arco ITA"]
[Date "2006.10.22"]
[Round "2"]
[White "Pieri, Enzo"]
[Black "Barlotti, Gabriele"]
[Result "1-0"]
[WhiteElo "1931"]
[BlackElo "1676"]
[PlyCount "107"]
[EventDate "2006.10.21"]

1. e4 c5 2. Nf3 d6 3. d4 cxd4 4. Nxd4 Nf6 5. Nc3 a6 6. Bg5 e6 7. f4 Be7 8. Qf3
Nbd7 9. Bc4 Nb6 10. Bb3 Qc7 11. O-O-O e5 12. Nf5 Bxf5 13. exf5 Nbd7 14. Nd5 Qc6
15. Bxf6 gxf6 16. Qh5 Rf8 17. Rd3 Nc5 18. Rhd1 Nxd3+ 19. Rxd3 Bd8 20. fxe5 dxe5
21. Ne3 Rc8 22. Be6 Rc7 23. Bd5 Qb5 24. Qd1 Rd7 25. c4 Qc5 26. Bxb7 Rxd3 27.
Qxd3 a5 28. Ba6 Rg8 29. Bb5+ Kf8 30. Qxd8+ Kg7 31. Qd2 Kf8 32. a3 h5 33. b4
axb4 34. axb4 Qb6 35. Kc2 Qd4 36. c5 Qe4+ 37. Bd3 Qc6 38. Kc3 Kg7 39. Bc4 Rb8
40. Qd5 Qe8 41. Qe4 Qa4 42. Nc2 Rd8 43. Qb7 Qe8 44. c6 e4 45. Qc7 e3 46. Qg3+
Kf8 47. b5 e2 48. c7 Ra8 49. Qd6+ Kg7 50. Kd2 Qe4 51. Bd5 e1=Q+ 52. Nxe1 Qd4+
53. Nd3 Ra2+ 54. Bxa2 1-0

[Event "XXVIII Festival A"]
[Site "Arco ITA"]
[Date "2006.10.22"]
[Round "2"]
[White "Poletti, Fausto"]
[Black "Valenti, Giuseppe"]
[Result "1/2-1/2"]
[WhiteElo "2053"]
[BlackElo "2252"]
[PlyCount "92"]
[EventDate "2006.10.21"]

1. Nf3 Nf6 2. c4 c5 3. Nc3 e6 4. d4 cxd4 5. Nxd4 a6 6. e4 Qc7 7. Be3 Be7 8. Be2
O-O 9. O-O d6 10. f3 Nbd7 11. Qd2 b6 12. Rfd1 Bb7 13. Rac1 Rfe8 14. Bf1 Bf8 15.
Qf2 Rac8 16. b3 Ba8 17. Na4 Nc5 18. Nxc5 bxc5 19. Ne2 d5 20. cxd5 exd5 21. exd5
Nxd5 22. Bd2 Qe5 23. Ng3 Bb7 24. Bc4 Qd4 25. Be1 Qxf2+ 26. Bxf2 Nf6 27. Rd3 g6
28. Rcd1 h5 29. Nf1 Be7 30. Be3 a5 31. Kf2 Bc6 32. a4 Rc7 33. Ng3 Nd7 34. Bf4
Rb7 35. Ne4 Nb6 36. Nd6 Bxd6 37. Rxd6 Nxc4 38. Rxc6 Rxb3 39. Rxc5 Rb4 40. Rd4
Nb2 41. Rxb4 axb4 42. Rb5 Nd3+ 43. Kg3 Ra8 44. a5 Nxf4 45. Kxf4 b3 46. Rxb3
Rxa5 1/2-1/2

[Event "XXVIII Festival A"]
[Site "Arco ITA"]
[Date "2006.10.22"]
[Round "2"]
[White "Rametta, Marcello"]
[Black "De Nisi, Mario"]
[Result "0-1"]
[WhiteElo "1780"]
[BlackElo "1961"]
[PlyCount "110"]
[EventDate "2006.10.21"]

1. e4 e6 2. d4 d5 3. exd5 exd5 4. Nf3 c6 5. Be2 Bd6 6. c3 Bf5 7. Bg5 f6 8. Bh4
Nd7 9. O-O Ne7 10. Bg3 Qc7 11. Nbd2 g5 12. Bxd6 Qxd6 13. c4 O-O-O 14. c5 Qc7
15. b4 h5 16. b5 h4 17. a4 g4 18. Ne1 Qf4 19. Nb3 g3 20. Nd3 gxh2+ 21. Kh1 Qe4
22. f3 Qe3 23. Nf2 Rdg8 24. Ng4 Bxg4 25. fxg4 h3 26. g3 Qxg3 27. Bf3 Rxg4 28.
Qe2 Rg7 29. bxc6 bxc6 30. Na5 Nf5 31. Qa6+ Kd8 32. Nxc6+ Kc7 33. Qxa7+ Kxc6 34.
Bxd5+ Kxd5 35. Qb7+ Ke6 36. Rae1+ Kf7 37. Qxd7+ Kg6 38. Qxf5+ Kh6 39. Qxf6+ Kh7
40. Qf5+ Qg6 41. Qxh3+ Kg8 42. Qe6+ Qxe6 43. Rxe6 Rh4 44. Rd6 Rhg4 45. c6 Rg1+
46. Kxh2 Rxf1 47. Rd8+ Kh7 48. Rd5 Rf6 49. Rh5+ Rh6 50. Rxh6+ Kxh6 51. d5 Rc7
52. a5 Kg6 53. a6 Kf6 54. d6 Rxc6 55. d7 Ke7 0-1

[Event "XXVIII Festival A"]
[Site "Arco ITA"]
[Date "2006.10.22"]
[Round "2"]
[White "Romagnoli, Roberto"]
[Black "Rossi, Paolo"]
[Result "1-0"]
[WhiteElo "2138"]
[BlackElo "1790"]
[PlyCount "81"]
[EventDate "2006.10.21"]

1. c4 e5 2. Nc3 Bc5 3. g3 f5 4. e3 Nf6 5. Bg2 O-O 6. Nge2 c6 7. d4 Bd6 8. dxe5
Bxe5 9. O-O d6 10. Qb3 Kh8 11. Na4 d5 12. Rd1 Qe7 13. cxd5 b5 14. Nac3 b4 15.
Nb1 Ba6 16. Nf4 Bxf4 17. gxf4 Nxd5 18. a3 Be2 19. Re1 Qc5 20. Bd2 Bc4 21. Bxb4
Nxb4 22. Qxb4 Na6 23. Qxc5 Nxc5 24. Nc3 Nd3 25. Red1 Rab8 26. b4 c5 27. b5 a6
28. a4 axb5 29. axb5 Rfd8 30. Bf1 Nb2 31. Rxd8+ Rxd8 32. Rb1 Bxf1 33. Kxf1 Nc4
34. Rd1 Rxd1+ 35. Nxd1 Kg8 36. Ke2 Kf7 37. Kd3 Nb6 38. f3 Ke6 39. e4 g6 40. Ne3
Nc8 41. Nc4 1-0

[Event "XXVIII Festival A"]
[Site "Arco ITA"]
[Date "2006.10.22"]
[Round "2"]
[White "Salati, Paolo"]
[Black "Kern, Beat"]
[Result "1-0"]
[WhiteElo "1921"]
[BlackElo "1733"]
[PlyCount "115"]
[EventDate "2006.10.21"]

1. e4 e5 2. Nf3 Nc6 3. Bc4 Bc5 4. d3 Nf6 5. O-O h6 6. a3 O-O 7. Nc3 d6 8. h3 a5
9. Bd2 Bd7 10. Qe1 Ne7 11. Be3 Ng6 12. Bxc5 dxc5 13. Qe3 b6 14. Ne2 Qe7 15. Nh2
b5 16. Ba2 Bc6 17. Qg3 c4 18. Ng4 Nxg4 19. Qxg4 Bd7 20. Qg3 cxd3 21. cxd3 Be6
22. Bxe6 Qxe6 23. Qe3 Rfd8 24. Rfd1 Qb6 25. Qxb6 cxb6 26. Rac1 Rac8 27. Rxc8
Rxc8 28. Rc1 Rd8 29. Rd1 f6 30. g3 Nf8 31. Nc3 b4 32. axb4 axb4 33. Nd5 Ne6 34.
Nxb4 Nd4 35. Nd5 b5 36. Kf1 Ra8 37. Kg2 Ra2 38. Rd2 Nc6 39. Nc3 Ra5 40. Nd5 Ra2
41. Kf3 Kf7 42. Ke3 Nd4 43. Nc3 Ra1 44. Rd1 Ra7 45. Rc1 b4 46. Nd5 Ra2 47. Rb1
b3 48. Kd2 Ra5 49. Ne3 Ra7 50. Nc4 Ke6 51. Na3 f5 52. Rc1 fxe4 53. dxe4 Rf7 54.
Rf1 Rf3 55. Nc4 g5 56. Ne3 h5 57. Ng2 Kf6 58. Ne1 1-0

[Event "XXVIII Festival A"]
[Site "Arco ITA"]
[Date "2006.10.22"]
[Round "2"]
[White "Salvador, Roland"]
[Black "La Manna, Francesco"]
[Result "1-0"]
[WhiteElo "2455"]
[BlackElo "2119"]
[PlyCount "89"]
[EventDate "2006.10.21"]

1. d4 Nf6 2. Nf3 d5 3. c4 e6 4. Nc3 c6 5. e3 Bd6 6. Qc2 Nbd7 7. g4 dxc4 8. Bxc4
Nd5 9. Bd2 N7b6 10. Be2 f5 11. e4 fxe4 12. Nxe4 Qc7 13. Nxd6+ Qxd6 14. Ne5 Nb4
15. Qb3 Qd5 16. Qxd5 N4xd5 17. O-O O-O 18. f4 Nd7 19. Nd3 N7f6 20. Rae1 Ne4 21.
Bc1 Nd6 22. Bf3 Nb5 23. b3 Nxd4 24. Bxd5 exd5 25. Bb2 Nb5 26. a4 Nd6 27. Ba3
Ne4 28. Bxf8 Kxf8 29. f5 b6 30. Rf3 Bb7 31. Nf4 c5 32. Rd3 d4 33. Ne6+ Kg8 34.
h4 Rc8 35. g5 Nc3 36. Nf4 Rd8 37. Re7 Be4 38. Ne6 Bxd3 39. Nxd8 Kf8 40. f6 gxf6
41. gxf6 Bf5 42. Nb7 Ne4 43. Re5 d3 44. Rxf5 d2 45. Rd5 1-0

[Event "XXVIII Festival A"]
[Site "Arco ITA"]
[Date "2006.10.22"]
[Round "2"]
[White "Shaw, John Kerr"]
[Black "Hackbarth, Wolfgang"]
[Result "1-0"]
[WhiteElo "2473"]
[BlackElo "2137"]
[PlyCount "95"]
[EventDate "2006.10.21"]

1. e4 e5 2. Nf3 Nc6 3. Bb5 a6 4. Bxc6 bxc6 5. O-O d6 6. d4 f6 7. Nc3 Be6 8. b3
Ne7 9. dxe5 dxe5 10. Ba3 Ng6 11. Bxf8 Rxf8 12. Qe1 Bg4 13. Qe3 Rf7 14. Na4 Nf4
15. h3 Be6 16. Nc5 Qc8 17. Ne1 g5 18. Ned3 Rg7 19. Kh2 Kf7 20. Rad1 h5 21. Nxe6
Nxe6 22. Qf3 Nf4 23. Nxf4 gxf4 24. Qxh5+ Ke7 25. Rd3 Qe6 26. Qf5 Qxf5 27. exf5
Rd8 28. Rxd8 Kxd8 29. Rd1+ Ke7 30. g4 Rg8 31. f3 Rh8 32. Kg2 Rh7 33. Rd3 Rh8
34. Rc3 Kd6 35. Rc4 Kd5 36. Ra4 Kc5 37. Rxa6 Rd8 38. h4 Rd2+ 39. Kf1 e4 40.
fxe4 Kd4 41. Rxc6 f3 42. g5 Kxe4 43. gxf6 Rd1+ 44. Kf2 Rd2+ 45. Ke1 Rd7 46.
Rc4+ Ke3 47. Rc3+ Kf4 48. Rd3 1-0

[Event "XXVIII Festival A"]
[Site "Arco ITA"]
[Date "2006.10.22"]
[Round "2"]
[White "Tocco, Paolo"]
[Black "Drasko, Milan"]
[Result "0-1"]
[WhiteElo "2141"]
[BlackElo "2547"]
[PlyCount "70"]
[EventDate "2006.10.21"]

1. e4 e6 2. d4 d5 3. Nd2 Nc6 4. Ngf3 Nf6 5. e5 Nd7 6. Nb3 a5 7. a4 Be7 8. Be2
b6 9. O-O O-O 10. Bf4 Ba6 11. Bxa6 Rxa6 12. Qe2 Ra7 13. Rac1 Qc8 14. Nfd2 Re8
15. Qf3 Qa6 16. c4 Nb4 17. cxd5 exd5 18. Qg4 Nf8 19. Be3 Qc8 20. Qg3 Qf5 21.
Rc3 Ne6 22. Qf3 Qxf3 23. Nxf3 f5 24. g3 g5 25. Kh1 Rd8 26. Ne1 f4 27. gxf4 gxf4
28. Rg1+ Kh8 29. Bd2 c5 30. dxc5 bxc5 31. Rf3 Nc6 32. Bxf4 c4 33. Bg3 cxb3 34.
Rxb3 Ncd4 35. Re3 Nf5 0-1

[Event "XXVIII Festival A"]
[Site "Arco ITA"]
[Date "2006.10.22"]
[Round "2"]
[White "Traversi, Carlo"]
[Black "Samarian, Cornel"]
[Result "1/2-1/2"]
[WhiteElo "1762"]
[BlackElo "1937"]
[PlyCount "81"]
[EventDate "2006.10.21"]

1. e4 e5 2. Nf3 d6 3. d4 exd4 4. Nxd4 Be7 5. Bc4 Nf6 6. Nc3 O-O 7. O-O c5 8.
Nf3 Nc6 9. Re1 Ne5 10. Nxe5 dxe5 11. Be3 a6 12. Qe2 Qc7 13. Rad1 b5 14. Nd5
Nxd5 15. Bxd5 Bb7 16. Qg4 Rad8 17. b3 Bc8 18. Qg3 Kh8 19. c4 Bd6 20. Qh4 f6 21.
Rf1 Qe7 22. f4 exf4 23. Bxf4 Bxf4 24. Qxf4 Qd6 25. Qxd6 Rxd6 26. e5 Rb6 27. e6
Bxe6 28. cxb5 axb5 29. Rfe1 Bxd5 30. Rxd5 Rc6 31. Re7 c4 32. bxc4 bxc4 33. Rdd7
Rg8 34. Rc7 Ra6 35. Rxc4 Rxa2 36. Rcc7 h6 37. h3 Kh7 38. Rf7 Kg6 39. g4 Rc2 40.
Rxg7+ Rxg7 41. Rxc2 1/2-1/2

[Event "XXVIII Festival A"]
[Site "Arco ITA"]
[Date "2006.10.22"]
[Round "2"]
[White "Vink, Wim"]
[Black "Dittmar, Peter"]
[Result "1/2-1/2"]
[WhiteElo "2118"]
[BlackElo "2365"]
[PlyCount "133"]
[EventDate "2006.10.21"]

1. Nf3 d5 2. d4 Nf6 3. c4 e6 4. Nc3 Nbd7 5. cxd5 exd5 6. Bg5 c6 7. e3 Qa5 8.
Nd2 Ne4 9. Ndxe4 dxe4 10. Bh4 Bb4 11. Qc2 O-O 12. Be2 Nb6 13. O-O f5 14. a3
Bxc3 15. bxc3 Be6 16. c4 Qa4 17. Rfc1 Qxc2 18. Rxc2 h6 19. f4 exf3 20. gxf3
Rae8 21. Bf2 Bc8 22. Bd3 Nd7 23. Re1 c5 24. Bg3 f4 25. exf4 Rxe1+ 26. Bxe1 cxd4
27. c5 Rxf4 28. Be4 d3 29. Rc3 Ne5 30. Kg2 g5 31. Bxd3 Bh3+ 32. Kh1 Rxf3 33.
Bc4+ Kf8 34. Rxf3+ Nxf3 35. Bb4 Ke8 36. Bd5 Nd4 37. Bxb7 Bd7 38. Kg1 Bc6 39.
Ba6 Kd7 40. Kf2 Ke6 41. Bc4+ Bd5 42. Bd3 Nf3 43. h3 Ne5 44. Be2 Be4 45. Bc3 Bf5
46. Kg3 Kd5 47. h4 gxh4+ 48. Kxh4 Nd7 49. Bd2 Nxc5 50. Bxh6 Bd3 51. Bf3+ Kc4
52. Bf8 Ne6 53. Bb4 Nd4 54. Bd1 Kb5 55. Bd2 Be2 56. a4+ Kc4 57. Bxe2+ Nxe2 58.
a5 Nd4 59. Kg4 Nb3 60. Be3 a6 61. Bb6 Kb4 62. Kf3 Nxa5 63. Bxa5+ Kxa5 64. Ke3
Kb4 65. Kd2 Kb3 66. Kc1 Ka2 67. Kc2 1/2-1/2

[Event "XXVIII Festival A"]
[Site "Arco ITA"]
[Date "2006.10.22"]
[Round "2"]
[White "Visser, Eddy"]
[Black "Teske, Henrik"]
[Result "0-1"]
[WhiteElo "2140"]
[BlackElo "2514"]
[PlyCount "44"]
[EventDate "2006.10.21"]

1. e4 c5 2. Nf3 Nc6 3. d3 Nf6 4. g3 d5 5. Nbd2 Bg4 6. Bg2 e6 7. h3 Bh5 8. O-O
Be7 9. Re1 O-O 10. e5 Nd7 11. g4 Bg6 12. Nf1 Rc8 13. Ng3 h6 14. c3 b5 15. a3 a5
16. b3 c4 17. bxc4 dxc4 18. d4 b4 19. Ne4 Nb6 20. Bf4 Nd5 21. Qc1 Bxe4 22. Rxe4
Nxc3 0-1

[Event "XXVIII Festival A"]
[Site "Arco ITA"]
[Date "2006.10.22"]
[Round "2"]
[White "Vuelban, Virgilio"]
[Black "Cardili, Mariano"]
[Result "1-0"]
[WhiteElo "2341"]
[BlackElo "2079"]
[PlyCount "59"]
[EventDate "2006.10.21"]

1. e4 c6 2. d4 d5 3. exd5 cxd5 4. c4 Nf6 5. Nc3 e6 6. Nf3 Bb4 7. cxd5 Nxd5 8.
Qc2 Nc6 9. Bd3 Nf6 10. O-O Be7 11. a3 O-O 12. Rd1 Qa5 13. Bf4 Rd8 14. b4 Qh5
15. Ne2 g6 16. b5 Nb8 17. Bg5 e5 18. dxe5 Nd5 19. Ng3 Qg4 20. h3 Qe6 21. Bc4
Bxg5 22. Nxg5 Qxe5 23. Nf3 Qc7 24. Qb3 Nf6 25. Ng5 Be6 26. Bxe6 fxe6 27. Nxe6
Rxd1+ 28. Rxd1 Qf7 29. Rd8+ Ne8 30. Ne4 1-0

[Event "XXVIII Festival A"]
[Site "Arco ITA"]
[Date "2006.10.22"]
[Round "2"]
[White "Wagman, Stuart"]
[Black "Wohl, Aleksandar H."]
[Result "0-1"]
[WhiteElo "2125"]
[BlackElo "2427"]
[PlyCount "74"]
[EventDate "2006.10.21"]

1. e4 c5 2. Nf3 Nc6 3. d4 cxd4 4. Nxd4 Qb6 5. Nb3 Nf6 6. Nc3 e6 7. Bg5 Bb4 8.
Bxf6 gxf6 9. Qf3 Ke7 10. O-O-O Bxc3 11. Qxc3 Qxf2 12. g3 Qb6 13. Be2 Ne5 14.
Rhf1 d6 15. Qd2 h5 16. Qf4 Nd7 17. Nd4 a6 18. Rd3 Qc5 19. Nf3 Rg8 20. Rfd1 Rg4
21. Qd2 Rxe4 22. Rxd6 Qe3 23. Qxe3 Rxe3 24. Ng1 Re5 25. Bf3 Rb8 26. R6d4 b5 27.
Rh4 Bb7 28. Bxh5 Rh8 29. Bf3 Rxh4 30. gxh4 Bxf3 31. Nxf3 Rh5 32. Rd4 Ne5 33.
Nxe5 fxe5 34. Rb4 f5 35. a4 e4 36. axb5 axb5 37. Rxb5 Rxh4 0-1

[Event "XXVIII Festival A"]
[Site "Arco ITA"]
[Date "2006.10.22"]
[Round "2"]
[White "Watson, Ron"]
[Black "Pipitone, Antonio"]
[Result "1-0"]
[WhiteElo "2112"]
[BlackElo "1978"]
[PlyCount "113"]
[EventDate "2006.10.21"]

1. d4 Nf6 2. Bg5 Ne4 3. Bf4 c5 4. f3 Nf6 5. d5 Qb6 6. Bc1 g6 7. e4 d6 8. Nd2
Nbd7 9. Nc4 Qc7 10. a4 Nb6 11. c3 Nxc4 12. Bxc4 Bg7 13. Ne2 O-O 14. O-O a6 15.
Qb3 b6 16. Be3 Bd7 17. Ng3 Rfb8 18. h3 Qb7 19. f4 b5 20. axb5 axb5 21. Be2 h5
22. Bf3 e6 23. Rxa8 Qxa8 24. dxe6 Bxe6 25. Qd1 Qa6 26. f5 Bc4 27. Rf2 h4 28.
Ne2 b4 29. Bg5 Bd3 30. fxg6 fxg6 31. Bxh4 Nxe4 32. Bxe4 Bxe4 33. Bf6 Bh6 34.
Ng3 Bd3 35. Qg4 Qc8 36. Qf3 Bc4 37. cxb4 cxb4 38. Qe4 Bf7 39. Qh4 Qc1+ 40. Kh2
Rc8 41. Ne4 Rc4 42. b3 Rxe4 43. Qxe4 Qe3 44. Qxe3 Bxe3 45. Rf3 Bc5 46. Be7 Bd5
47. Rd3 Kf7 48. Rxd5 Kxe7 49. Kg3 Ke6 50. Rd3 d5 51. Kf4 d4 52. Ke4 Kf6 53. Rd2
Kg5 54. Kd5 Bb6 55. Rf2 Kh4 56. Rf3 g5 57. Kc4 1-0

[Event "XXVIII Festival A"]
[Site "Arco ITA"]
[Date "2006.10.23"]
[Round "3"]
[White "Aagaard, Jacob"]
[Black "Luciani, Carlo"]
[Result "1-0"]
[WhiteElo "2464"]
[BlackElo "2236"]
[PlyCount "57"]
[EventDate "2006.10.21"]

1. d4 Nf6 2. c4 g6 3. Nc3 Bg7 4. Bg5 h6 5. Bh4 c5 6. d5 d6 7. e4 O-O 8. Be2 a6
9. Nf3 b5 10. e5 dxe5 11. Nxe5 Bb7 12. O-O Nxd5 13. Nxd5 Bxd5 14. Nxg6 fxg6 15.
cxd5 Nd7 16. Qc2 Qe8 17. Rfe1 Bf6 18. Bg3 Kg7 19. Bf3 Ra7 20. a4 b4 21. Re6 Qf7
22. Rae1 Rc8 23. b3 c4 24. d6 Nb6 25. a5 cxb3 26. Qxb3 Nc4 27. Bd5 Nxa5 28.
Qxb4 Nc6 29. Qc5 1-0

[Event "XXVIII Festival A"]
[Site "Arco ITA"]
[Date "2006.10.23"]
[Round "3"]
[White "Acunzo, Domenico"]
[Black "De Napoli, Giuseppe"]
[Result "1/2-1/2"]
[WhiteElo "1778"]
[BlackElo "2032"]
[PlyCount "97"]
[EventDate "2006.10.21"]

1. e4 d5 2. exd5 Nf6 3. c4 e6 4. dxe6 Bxe6 5. d4 Bb4+ 6. Bd2 Bxd2+ 7. Qxd2 Qe7
8. Qe3 O-O 9. Nc3 Qb4 10. O-O-O Bxc4 11. Bxc4 Qxc4 12. Nf3 Nc6 13. Qd3 Qxd3 14.
Rxd3 Nb4 15. Rd2 Rfe8 16. a3 Nbd5 17. Nxd5 Nxd5 18. g3 f6 19. Re1 Rxe1+ 20.
Nxe1 Re8 21. Nf3 Kf7 22. Kc2 Re6 23. Kd3 a6 24. Re2 Rxe2 25. Kxe2 Ke6 26. Kd3
Ne7 27. Ne1 Kf5 28. h3 Nd5 29. Nf3 Nb6 30. Nh4+ Ke6 31. Ng2 Nd5 32. Ne1 b5 33.
Nf3 a5 34. b3 c6 35. Nd2 f5 36. Nf3 Kd6 37. Ng5 Nf6 38. Nf3 Kd5 39. Ne1 Ne4 40.
Ke3 a4 41. bxa4 bxa4 42. Nd3 c5 43. Nxc5 Nxc5 44. dxc5 Kxc5 45. Kd3 g5 46. f3
h5 47. f4 gxf4 48. gxf4 Kd5 49. h4 1/2-1/2

[Event "XXVIII Festival A"]
[Site "Arco ITA"]
[Date "2006.10.23"]
[Round "3"]
[White "Agostini, Guillermo"]
[Black "Geske, Julian"]
[Result "0-1"]
[WhiteElo "2010"]
[BlackElo "2148"]
[PlyCount "50"]
[EventDate "2006.10.21"]

1. d4 Nf6 2. c4 g6 3. Nc3 d5 4. cxd5 Nxd5 5. Nxd5 Qxd5 6. e3 Bg7 7. Ne2 O-O 8.
Nc3 Qd6 9. Be2 Nd7 10. O-O c5 11. Ne4 Qb6 12. d5 Nf6 13. Nc3 Rd8 14. Bf3 e6 15.
e4 exd5 16. exd5 Bf5 17. Qe2 Re8 18. Be3 Rad8 19. Rad1 Bh6 20. Rd2 Bxe3 21.
fxe3 c4 22. Rd4 Bd3 23. Qf2 Bxf1 24. Kxf1 Kg7 25. Be2 Qxb2 0-1

[Event "XXVIII Festival A"]
[Site "Arco ITA"]
[Date "2006.10.23"]
[Round "3"]
[White "Barlotti, Gabriele"]
[Black "Murli, Almerico"]
[Result "0-1"]
[WhiteElo "1676"]
[BlackElo "1889"]
[PlyCount "40"]
[EventDate "2006.10.21"]

1. d4 Nf6 2. c4 g6 3. Nc3 Bg7 4. e4 d6 5. Be2 O-O 6. Bg5 Na6 7. h3 c5 8. d5 e6
9. Qd2 exd5 10. cxd5 Nc7 11. h4 Qe8 12. f3 b5 13. Rb1 b4 14. Nd1 Nxe4 15. Qf4
Nxg5 16. hxg5 Qe5 17. Qh4 f6 18. Qxh7+ Kf7 19. gxf6 Qxf6 20. Rh6 Rh8 0-1

[Event "XXVIII Festival A"]
[Site "Arco ITA"]
[Date "2006.10.23"]
[Round "3"]
[White "Becker, Jonas"]
[Black "Kranebitter, Gerhard"]
[Result "1-0"]
[WhiteElo "1922"]
[BlackElo "2091"]
[PlyCount "119"]
[EventDate "2006.10.21"]

1. d4 Nf6 2. c4 e6 3. Nc3 d5 4. e3 c6 5. a3 Nbd7 6. Nf3 a6 7. c5 Qc7 8. b4 e5
9. dxe5 Nxe5 10. Nd4 g6 11. Be2 Bg7 12. Qc2 O-O 13. Bb2 Re8 14. a4 Bg4 15. Bd3
Nxd3+ 16. Qxd3 Nd7 17. O-O Ne5 18. Qc2 Nc4 19. h3 Bd7 20. a5 Qe5 21. Na4 Nxb2
22. Nxb2 Qh5 23. Nd3 Qh4 24. Ne1 f5 25. Nef3 Qf6 26. Qd2 Re4 27. h4 Rae8 28. g3
h6 29. Rab1 g5 30. hxg5 hxg5 31. Ne2 Kf7 32. Kg2 f4 33. gxf4 gxf4 34. Nxf4 Rg8
35. Ne2 Bg4 36. Nfd4 Bh6 37. Ng3 Rxd4 38. Qxd4 Qf3+ 39. Kh2 Bg5 40. Qd1 Rh8+
41. Kg1 Qxd1 42. Rbxd1 Bxd1 43. Rxd1 Bf6 44. Rd3 Rh4 45. f4 Rg4 46. Kh2 Ke6 47.
Kh3 Rg8 48. e4 dxe4 49. Nxe4 Bb2 50. Nd6 Rg7 51. f5+ Ke5 52. Rf3 Rh7+ 53. Kg4
Rg7+ 54. Kh5 Bc1 55. f6 Rg5+ 56. Kh4 Rg8 57. f7 Rf8 58. Kh5 Ke6 59. Kg6 Rh8 60.
f8=Q 1-0

[Event "XXVIII Festival A"]
[Site "Arco ITA"]
[Date "2006.10.23"]
[Round "3"]
[White "Bernardi, Ruben"]
[Black "Huettemann, Ralf"]
[Result "1/2-1/2"]
[WhiteElo "2114"]
[BlackElo "1949"]
[PlyCount "103"]
[EventDate "2006.10.21"]

1. e4 c5 2. Nf3 Nc6 3. d4 cxd4 4. Nxd4 Nf6 5. Nc3 e5 6. Ndb5 d6 7. Bg5 a6 8.
Na3 b5 9. Bxf6 gxf6 10. Nd5 f5 11. exf5 Bxf5 12. c3 Rc8 13. Qf3 Qg5 14. h4 Qg6
15. g4 Be6 16. Rd1 Bxd5 17. Qxd5 Qe6 18. Nc2 Qxd5 19. Rxd5 Rd8 20. Bg2 Ne7 21.
Rd1 Rg8 22. g5 Kd7 23. Bb7 a5 24. Ne3 h6 25. c4 hxg5 26. hxg5 Rxg5 27. cxb5 Kc7
28. Bf3 f5 29. Rc1+ Kb8 30. Nc4 e4 31. Be2 d5 32. Ne5 Rg7 33. a3 Kb7 34. b4
axb4 35. axb4 d4 36. Bc4 Nd5 37. Nc6 Rdd7 38. Nxd4 Bxb4+ 39. Kf1 Nb6 40. Nxf5
Nxc4 41. Nxg7 Nd2+ 42. Ke2 Rxg7 43. Rh8 Rf7 44. Rcc8 Kb6 45. Rb8+ Rb7 46. Rh6+
Ka7 47. b6+ Ka6 48. Rxb7 Kxb7 49. Ke3 Ba5 50. Rf6 Ka6 51. Re6 Kb7 52. Rxe4
1/2-1/2

[Event "XXVIII Festival A"]
[Site "Arco ITA"]
[Date "2006.10.23"]
[Round "3"]
[White "Bortolotti, Silvano"]
[Black "Morselli, Stefano"]
[Result "0-1"]
[WhiteElo "1744"]
[BlackElo "1896"]
[PlyCount "120"]
[EventDate "2006.10.21"]

1. e4 g6 2. Nc3 Bg7 3. f4 d6 4. Nf3 Nf6 5. Bc4 O-O 6. d3 c6 7. a4 d5 8. exd5
cxd5 9. Bb3 Nc6 10. d4 Bg4 11. O-O e6 12. Ne2 Qb6 13. Kh1 Rac8 14. c3 Na5 15.
Bc2 Nc4 16. Qe1 Rc7 17. Ne5 Nd6 18. Nxg4 Nxg4 19. h3 Nf6 20. Ng3 Rfc8 21. Qe2
Nc4 22. Bd3 Na5 23. Bc2 Nb3 24. Bxb3 Qxb3 25. h4 h5 26. Ra3 Qb6 27. Rd1 Bf8 28.
Ra1 Qb3 29. Nf1 Ne4 30. Kh2 Rc4 31. Nd2 Nxd2 32. Qxd2 Rxa4 33. Rxa4 Qxa4 34.
Qe2 Qa2 35. Re1 a6 36. g4 hxg4 37. Qxg4 Rxc3 38. Kh1 Rxc1 39. Rxc1 Qxb2 40. Rd1
Qc2 41. h5 Qe4+ 42. Kg1 Bg7 43. hxg6 fxg6 44. Kf1 Kf7 45. Re1 Qf5 46. Qxf5+
gxf5 47. Rb1 b5 48. Ra1 Bxd4 49. Rxa6 Be3 50. Ra3 Bxf4 51. Rb3 Kf6 52. Rxb5 Ke5
53. Ke2 Ke4 54. Rb4+ d4 55. Ra4 Be3 56. Ra6 e5 57. Ra4 f4 58. Kd1 Kf3 59. Ke1
e4 60. Kf1 d3 0-1

[Event "XXVIII Festival A"]
[Site "Arco ITA"]
[Date "2006.10.23"]
[Round "3"]
[White "Bossoni, Mario"]
[Black "Visser, Eddy"]
[Result "0-1"]
[WhiteElo "1970"]
[BlackElo "2140"]
[PlyCount "104"]
[EventDate "2006.10.21"]

1. e4 e6 2. Nf3 d5 3. e5 c5 4. b4 cxb4 5. d4 Bd7 6. Bd3 Qb6 7. O-O Bb5 8. Bxb5+
Qxb5 9. a3 Nc6 10. axb4 Bxb4 11. c3 Be7 12. Na3 Bxa3 13. Bxa3 Nge7 14. Qd2 b6
15. Qg5 Qd3 16. Rac1 Qg6 17. Qd2 O-O 18. Ne1 Rfc8 19. Bxe7 Nxe7 20. f4 Nf5 21.
Kh1 h5 22. Rf3 Rc7 23. Ra1 h4 24. Rh3 Rac8 25. Ra3 a5 26. Nf3 Qg4 27. Ng5 Rc6
28. Rf3 f6 29. Nh3 Kf7 30. Nf2 Qg6 31. Nh3 Rc4 32. Rd3 a4 33. Ra1 b5 34. Qe2
R8c7 35. Re1 R7c6 36. exf6 gxf6 37. Qf3 Rd6 38. g4 hxg3 39. hxg3 Rc8 40. g4 Ng7
41. Qg3 Rdd8 42. Rde3 Re8 43. Qf3 Kf8 44. Rg1 a3 45. f5 exf5 46. Rxe8+ Qxe8 47.
Nf2 a2 48. gxf5 Qh5+ 49. Qxh5 Nxh5 50. Ra1 Ng3+ 51. Kg2 Nxf5 52. Rxa2 Rxc3 0-1